000 00734nam a22002297a 4500
003 DO-SdBNP
005 20171124110714.0
008 171122b 1971 sp |||| |||| 00| 0 spa d
040 _aBPMSU
_bspa
_cBPMSU
092 _axxxxx
_bxxxxx
100 1 _aPeric, Jaume
245 1 0 _aPerich Match /
_cJaume Perich ; prólogo Joan de Sagarra ; introducción Román Gubern.
260 _aBarcelona :
_bEdiciones Península,
_bEdiciones de Bolsillo,
_c1971.
300 _a136 p. :
_bil. ;
_c20 cm.
490 1 _aL'Escorpí.
700 1 2 _aSagarra, Joan de
_epról.
700 1 2 _aGubern, Román
_eintrod.
830 0 _aL'Escorpí
942 _2ddc
_cBK
945 _aInventario / 2017 LP
956 _aLOPEREZ
_b10
_c20171122
_h0041
_iBPMSU
999 _c13028
_d13028